Faculty of Law Library — Cairo University

Official Online Catalog

Commentaire Sur Les Éléments Du Droit International Et Sur L'histoire Des Progres Du Droit Des Gens. (Record no. 63796)

MARC details
000 -LEADER
fixed length control field 01051nam a2200301 i 4500
003 - CONTROL NUMBER IDENTIFIER
control field EG-GICUC
005 - DATE AND TIME OF LATEST TRANSACTION
control field 20260219095026.0
008 - FIXED-LENGTH DATA ELEMENTS--GENERAL INFORMATION
fixed length control field 260219s1873 ge ||||fr|||| 00| 0 fre d
040 ## - CATALOGING SOURCE
Original cataloging agency EG-GiCUC
Language of cataloging fre
Transcribing agency EG-GiCUC
Modifying agency EG-GiCUC
Description conventions Rda
082 04 - DEWEY DECIMAL CLASSIFICATION NUMBER
Edition number 21
Classification number 341
Item number WH . C
092 04 - LOCALLY ASSIGNED DEWEY CALL NUMBER (OCLC)
Edition number 21
099 ## - LOCAL FREE-TEXT CALL NUMBER (OCLC)
Classification number Law1 11 341 WH . C 1873
100 1# - MAIN ENTRY--PERSONAL NAME
Personal name Wheaton, Henry
Relator term Auteur
245 10 - TITLE STATEMENT
Title Commentaire Sur Les Éléments Du Droit International Et Sur L'histoire Des Progres Du Droit Des Gens.
Number of part/section of a work Tome Troisième /
Remainder of title
Statement of responsibility, etc. Henry Wheaton, William Beach Lawrence.
264 #1 - PRODUCTION, PUBLICATION, DISTRIBUTION, MANUFACTURE, AND COPYRIGHT NOTICE
Place of production, publication, distribution, manufacture Leipzig :
Name of producer, publisher, distributor, manufacturer F. A. Brockhaus,
Date of production, publication, distribution, manufacture, or copyright notice 1873.
300 ## - PHYSICAL DESCRIPTION
Extent 473page :
Other physical details illustration ;
Dimensions 24 cm.
336 ## - CONTENT TYPE
Source rda contenu
Content type term texte
337 ## - MEDIA TYPE
Source rda medias
Media type term Ordinateur
338 ## - CARRIER TYPE
Source transporteur rda
Carrier type term Ressource en ligne
504 ## - BIBLIOGRAPHY, ETC. NOTE
Bibliography, etc. note
546 ## - LANGUAGE NOTE
Language note Texte en français
650 14 - SUBJECT ADDED ENTRY--TOPICAL TERM
Topical term or geographic name entry element Droit international public
Source of heading or term
651 1# - SUBJECT ADDED ENTRY--GEOGRAPHIC NAME
Source of heading or term
700 1# - ADDED ENTRY--PERSONAL NAME
Personal name Lawrence, William Beach
Relator term Co-Auteur
856 40 - ELECTRONIC LOCATION AND ACCESS
Uniform Resource Identifier <a href="https://fll.law.cu.edu.eg/fulltext/bks/B11-07067.pdf">https://fll.law.cu.edu.eg/fulltext/bks/B11-07067.pdf</a>
905 ## - Cataloger and Reviser Names
Cataloger Name: Dina
942 ## - ADDED ENTRY ELEMENTS (KOHA)
Source of classification or shelving scheme Dewey Decimal Classification
Koha item type Books
Edition 21
Suppress in OPAC No
Holdings
Withdrawn status Lost status Source of classification or shelving scheme Materials specified (bound volume or other part) Damaged status Not for loan Collection Home library Current library Date acquired Total checkouts Full call number Barcode Date last seen Copy number Price effective from Koha item type
    Dewey Decimal Classification V3   Not for loan القانون الدولي العام جــــامعة القــاهرة مكتبة كلية الحقوق - المبنى الرئيسي 19.02.2026   Law1 11 341 WH . C 1873 1107067 V3, C1 B11-07067 19.02.2026 1 19.02.2026 Books

© All rights reserved — Faculty of Law, Cairo University